Old School RuneScape (OSRS) NPCs by Picture - Extreme - Statistics

General Stats
  • This quiz has been taken 16 times
  • The average score is 53 of 280
Answer Stats
Picture Answer % Correct
Hans
100%
Lumbridge Guide
100%
Bob
69%
Doomsayer
62%
Bob the Cat
54%
Charlie the Tramp
54%
Clay Golem
54%
Cook
54%
Fred the Farmer
54%
Gertrude
54%
Juliet
54%
King Roald
54%
Romeo
54%
Ava
46%
Duke Horacio
46%
Filliman Tarlock
46%
Grace
46%
King Awowogei
46%
My Arm
46%
Ned
46%
Party Pete
46%
Robin Hood
46%
Sir Amik Varze
46%
Sir Tiffy Cashien
46%
Zanik
46%
Apothecary
38%
Death
38%
Drunken Dwarf
38%
Dunce
38%
Duradel
38%
Ernest
38%
Evil Dave
38%
Freaky Forester
38%
Genie
38%
Ghommal
38%
King Narnode Shareen
38%
Kovac
38%
Mysterious Old Man
38%
Nieve
38%
Oziach
38%
Postie Pete
38%
Rick Turpentine
38%
Sandwich Lady
38%
Sherlock
38%
Snowflake
38%
Sphinx
38%
Town Crier
38%
Vannaka
38%
Watson
38%
Wise Old Man
38%
Ali Morrisane
31%
Amy
31%
Askeladden
31%
Bert
31%
Brundt the Chieftain
31%
Chaeldar
31%
Cuthbert
31%
Elder Gnome Child
31%
Eluned
31%
Glough
31%
Hatius Cosaintus
31%
Horvik
31%
King Arthur
31%
King Lathas
31%
Konar quo Maten
31%
Kuradal
31%
Leo
31%
Lord Lowerniel Drakan
31%
Mage of Zamorak
31%
Odd Old Man
31%
Oneiromancer
31%
Reldo
31%
Restless Ghost
31%
Sir Renitee
31%
'The Guns'
31%
Thurgo
31%
Turael
31%
Two-pints
31%
Void Knight
31%
Aggie
23%
Curator Haig Halen
23%
Drezel
23%
Dr Fenkenstrain
23%
Falo the Bard
23%
Father Aereck
23%
General Bentnoze
23%
Hetty
23%
Ignisia
23%
Kylie Minnow
23%
Lesser Fanatic
23%
Malignius Mortifer
23%
Martin Thwait
23%
Mazchna
23%
Merlin
23%
Mysterious Stranger
23%
Necrovarus
23%
Nomad
23%
Osman
23%
Peer the Seer
23%
Prospector Percy
23%
Quiz Master
23%
Ranis Drakan
23%
Seer
23%
Sergeant Damien
23%
Sigmund
23%
Sinister Stranger
23%
Sir Prysin
23%
Strange Old Man
23%
Vanescula Drakan
23%
Advisor Ghrim
15%
Arianwyn
15%
Aris
15%
Baba Yaga
15%
Betty
15%
Brimstail
15%
Brother Omad
15%
Brother Tranquility
15%
Cap'n Izzy No-Beard
15%
Capt' Arnav
15%
Chemist
15%
Cyrisus
15%
Diango
15%
Doris
15%
Eadgar
15%
Estate Agent
15%
Father Urhney
15%
Hazelmere
15%
Head Chef
15%
High Priestess Zul-Harcinqa
15%
Kaqemeex
15%
Kaylee
15%
Krystilia
15%
Lady Vulcana Lovakengj
15%
Lanthus
15%
Lord Kandur Hosidius
15%
Lord Trobin Arceuus
15%
Martin the Master Gardener
15%
Matthias
15%
Monk of Entrana
15%
Mord Gunnars
15%
Morgan Le Faye
15%
Murphy
15%
Old Crone
15%
Otto Godblessed
15%
Pirate Pete
15%
Queen Ellamaria
15%
Robert Boss
15%
Shantay
15%
Sir Vyvin
15%
Twiggy O'Korn
15%
Vanstrom Klause
15%
Veliaf Hurtz
15%
Veos
15%
Wizard Mizgog
15%
Wizard Persten
15%
Wyson the Gardener
15%
Zavistic Rarve
15%
Achietties
8%
Archmage Sedridor
8%
Aubury
8%
BigRedJapan
8%
Bill Teach
8%
Brian O'Richard
8%
Brother Jered
8%
Candle Maker
8%
Captain Ginea
8%
Ceril Carnillean
8%
Commander Fullore
8%
Doric
8%
Dunstan
8%
Elbis
8%
Elena
8%
Elkoy
8%
Farmer Gricoller
8%
Gadrin
8%
Guildmaster Jane
8%
Hajedy
8%
High Priest
8%
Hunting Expert
8%
Ignatius Vulcan
8%
Ilfeen
8%
Jarr
8%
Jarvald
8%
Jorral
8%
Justine
8%
Kasonde
8%
King Percival
8%
King Vargas
8%
Kolodion
8%
Lady Shauna Piscarilius
8%
Larry
8%
Leela
8%
Leon d'Cour
8%
Le-sabrè
8%
Lokar Searunner
8%
Lord Baxtorian Cadarn
8%
Lord Shiro Shayzien
8%
Lundail
8%
Mac
8%
Maisa
8%
Mandrith
8%
Maria Gunnars
8%
Marlo
8%
Martin Holt
8%
Master Crafter
8%
Master Fisher
8%
Mawnis Burowgar
8%
Melee Combat Tutor
8%
Morgan
8%
Olaf the Bard
8%
Oracle
8%
Perdu
8%
Pirate Jackie the Fruit
8%
Poison Salesman
8%
Prince Brand
8%
Prince Itzla Arkan
8%
Princess Astrid
8%
Safalaan Hallow
8%
Saniboch
8%
Simon Templeton
8%
Sloane
8%
Surgeon General Tafani
8%
Tegid
8%
Tenzing
8%
The Lady of the Lake
8%
Thessalia
8%
The 'Wedge'
8%
Thormac
8%
Toby
8%
Tyss
8%
Watchtower Wizard
8%
Weird Old Man
8%
Wizard Cromperty
8%
Woodsman Tutor
8%
Zooknock
8%
Ajjat
0%
Apprentice Cordelia
0%
Armour Salesman
0%
Arnold Lydspor
0%
Bologa
0%
Brother Kojo
0%
Captain Khaled
0%
Councillor Unkar
0%
Edmond
0%
Elise
0%
Ewesey
0%
Fuggy
0%
Gabooty
0%
Garkor
0%
General Hining
0%
Guildmaster Lars
0%
Gunnjorn
0%
Hamal the Chieftain
0%
Hickton
0%
Holgart
0%
Hosa
0%
Islwyn
0%
Ivan Storm
0%
Jex
0%
Jossik
0%
Kamfreena
0%
Lovada
0%
Luthas
0%
New Recruit Tony
0%
Nickolaus
0%
Phileas Rimor
0%
Priestess Zul-Gwenwynig
0%
Professor Gracklebone
0%
Queen Sigrid
0%
Radimus Erkle
0%
Ramarno
0%
Razmire Keelgan
0%
Regulus Cento
0%
Rohak
0%
Sir Rebral
0%
Soar Leader Pitri
0%
Thorodin
0%
Tindel Merchant
0%
Torfinn
0%
Wizard Sinina
0%
No matching quizzes found
Score Distribution
Percent of People with Each Score
Percentile by Number Answered
Your Score History
You have not taken this quiz